000 00344nam a2200121Ia 4500
008 170224s9999 xx 000 0 und d
245 _aStakeholders’ views of enclave tourism: A Grounded Theory Approach
260 _bJournal of Hospitality & Tourism Research
260 _cAugust
300 _a40:
500 _aAugust
650 _xTourism.
999 _c315624
_d315624